Statistics for U.S. States that Start with M

Click here to take the quiz!

General Stats

  • This quiz has been taken 89,966 times
    (89,880 since last reset)
  • The average score is 7 of 8

Answer Stats

State% Correct
Maine
88%
Montana
87%
Michigan
85%
Mississippi
83%
Minnesota
80%
Maryland
79%
Missouri
79%
Massachusetts
76%

Score Distribution

Percentile by Number Answered

Percent of People with Each Score

Your Score History

You have not taken this quiz since the last reset